Giáo trình tư pháp quốc tế (phần riêng)
Nội dung tư pháp quốc tế phần riêng gồm: phân tích các vấn đề lý luận và quy định của pháp luật về giải quyết xung đột pháp luật, xung đột thẩm quyền trong từng chế định cụ thể của tư pháp quốc tế sở hữu, thừa kế, hợp đồng, bồ...
Đã lưu trong:
| Hovedforfatter: | |
|---|---|
| Format: | Bog |
| Sprog: | Undetermined |
| Udgivet: |
Tp.Hồ Chí Minh
Hồng đức
2013
|
| Fag: | |
| Tags: |
Tilføj Tag
Ingen Tags, Vær først til at tagge denne postø!
|
| Thư viện lưu trữ: | Trung tâm Học liệu Trường Đại học Cần Thơ |
|---|
| LEADER | 01090nam a2200193Ia 4500 | ||
|---|---|---|---|
| 001 | CTU_191812 | ||
| 008 | 210402s9999 xx 000 0 und d | ||
| 020 | |c 41000 | ||
| 082 | |a 340.9 | ||
| 082 | |b Qu600 | ||
| 100 | |a Mai, Hồng Quỳ | ||
| 245 | 0 | |a Giáo trình tư pháp quốc tế (phần riêng) | |
| 245 | 0 | |c Mai Hồng Quỳ chủ biên | |
| 260 | |a Tp.Hồ Chí Minh | ||
| 260 | |b Hồng đức | ||
| 260 | |c 2013 | ||
| 520 | |a Nội dung tư pháp quốc tế phần riêng gồm: phân tích các vấn đề lý luận và quy định của pháp luật về giải quyết xung đột pháp luật, xung đột thẩm quyền trong từng chế định cụ thể của tư pháp quốc tế sở hữu, thừa kế, hợp đồng, bồi thường thiệt hại ngoài hợp đồng, sở hữu trí tuệ, hôn nhân và gia đình. | ||
| 650 | |a Conflict of laws,Sự xung đột luật pháp | ||
| 980 | |a Trung tâm Học liệu Trường Đại học Cần Thơ | ||